Tottenham - Tous les joueurs à plus de 100 matchs - Statistiques

Statistiques générales
  • Ce quiz a été pris 268 fois
  • Le résultat moyen est 14 sur 36
Statistiques - réponses
P Joueurs Matchs % Correct
A Harry Kane 435
100%
G Hugo Lloris 447
100%
A Heung-Min Son 372
99%
D Jan Vertonghen 315
71%
D Toby Alderweireld 235
64%
M Lucas Moura 221
61%
M Eric Dier 361
60%
A Gareth Bale 237
60%
M Dele Alli 269
57%
D Kyle Walker 229
56%
M Christian Eriksen 302
55%
M Mousa Dembele 249
52%
M Moussa Sissoko 202
52%
D Danny Rose 214
51%
M Luka Modric 160
49%
D Ben Davies 311
46%
D Kieran Trippier 114
41%
M Pierre-Emile Hojbjerg 145
36%
D Davinson Sanchez 207
35%
M Erik Lamela 257
35%
M Harry Winks 203
34%
A Jermain Defoe 363
33%
D Serge Aurier 110
30%
A Aaron Lennon 365
17%
A Emmanuel Adebayor 113
17%
D Ledley King 323
16%
D Younès Kaboul 140
15%
M Nacer Chadli 119
13%
D Benoit Assou-Ekotto 205
10%
G Heurelho Gomes 135
10%
M Sandro 106
5%
M Jermaine Jenas 203
4%
D Michael Dawson 324
4%
D Vedran Corluka 109
4%
M Tom Huddlestone 209
3%
A Roman Pavlioutchenko 113
2%
Aucun quiz correspondant
Distribution des résultats
% des personnes avec chaque résultat
Percentile par nombre de réponses
Votre historique - résultats
Vous n’avez pas pris ce quiz